000 00529nam a2200229Ia 4500
003 0100
008 130303s9999 xx 000 0 und d
020 _a673523004
040 _cARRUPELIB
050 _aHF1359.K78 1994
100 _aKrugman, Paul R
245 _aInternational economics
245 _btheory and policy
250 _a3rd
260 _aNew York
260 _bHarperCollins College Pub.
260 _C1994
300 _axxix
300 _b 795p. 25cm.
700 _aObstfeld, Maurice
942 0 0 _01
999 _c12346
_d12346